00554nam a2200169Ia 4500003000900000008004100009020001800050040001600068080001600084100001800100245013300118260003100251300001300282650004100295650002200336650002600358IN-BaIIA211028s9999 xx 000 0 eng d a0-85274-388-2 cIIA Library a53.081bPET aPetley, B. W. 4aThe fundamental physical contants and the frontier of measurementc B. W. Petley  aBristolbAdam Hilgerc1988 ax, 347p. aAstronomy and astrophysics thesaurus aPhysical contants aPhysical measurements